نشر المحاسن الغالية في فضل مشايخ الصوفية أصحاب المقامات العالية / (Record no. 136422)

MARC details
000 -LEADER
fixed length control field 00745nam a22001817a 4500
005 - DATE AND TIME OF LATEST TRANSACTION
control field 20251108175532.0
008 - FIXED-LENGTH DATA ELEMENTS--GENERAL INFORMATION
fixed length control field 250721s2004 xx 000 0 ara d
082 14 - DEWEY DECIMAL CLASSIFICATION NUMBER
Classification number م/218.9/ياف
100 1# - MAIN ENTRY--PERSONAL NAME
Personal name اليافعي، عفيف الدين ابو محمد عبدالله بن اسعد بن علي بن سليم
245 10 - TITLE STATEMENT
Title نشر المحاسن الغالية في فضل مشايخ الصوفية أصحاب المقامات العالية /
264 1# - PRODUCTION, PUBLICATION, DISTRIBUTION, MANUFACTURE, AND COPYRIGHT NOTICE
Place of production, publication, distribution, manufacture القاهرة :
Name of producer, publisher, distributor, manufacturer مكتبة الثقافة الدينية،
Date of production, publication, distribution, manufacture, or copyright notice 2004.
300 ## - PHYSICAL DESCRIPTION
Extent
650 17 - SUBJECT ADDED ENTRY--TOPICAL TERM
Topical term or geographic name as entry element التصوف الاسلامي
650 17 - SUBJECT ADDED ENTRY--TOPICAL TERM
Topical term or geographic name as entry element المتصوفون
700 1# - ADDED ENTRY--PERSONAL NAME
Personal name عبدالله، عبدالناصر سعدي أحمد
Relator term محقق
942 ## - ADDED ENTRY ELEMENTS (KOHA)
Source of classification or shelving scheme Dewey Decimal Classification
Koha item type References
Holdings
حالة السحب حالة الفقدان مصدر التصنيف حالة التلف غير قابل للإعارة المكتبة الرئيسية المكتبة الحالية موقع الرف تاريخ التزويد الرقم المتسلسل Total Checkouts رقم الإستدعاء الباركود تاريخ آخر ظهور تاريخ الفاتورة نوع المادة (كوها)
    Dewey Decimal Classification   Not For Loan المكتبة المركزية المكتبة المركزية مراجع 28/07/2025 1662668   م/218.9/ياف PLD00405786 28/07/2025 28/07/2025 References
    Dewey Decimal Classification   Not For Loan المكتبة المركزية المكتبة المركزية مراجع 28/12/2017 1662669   م/218.9/ياف PLD00414656 28/07/2025 28/12/2017 References
    Dewey Decimal Classification   Not For Loan مكتبة أم قصير والمقابلين العامة مكتبة أم قصير والمقابلين العامة مراجع 28/12/2017 1662672   م/218.9/ياف PLD00414659 28/07/2025 28/12/2017 References
    Dewey Decimal Classification   Not For Loan مكتبة أم قصير والمقابلين العامة مكتبة أم قصير والمقابلين العامة مراجع 28/12/2017 1662673   م/218.9/ياف PLD00414660 28/07/2025 28/12/2017 References
    Dewey Decimal Classification   Not For Loan مكتبة الاميرة بديعة مكتبة الاميرة بديعة مراجع 28/12/2017 1662676   م/218.9/ياف PLD00414663 28/07/2025 28/12/2017 References
    Dewey Decimal Classification   Not For Loan مكتبة الاميرة بديعة مكتبة الاميرة بديعة مراجع 28/12/2017 1662677   م/218.9/ياف PLD00414664 28/07/2025 28/12/2017 References
    Dewey Decimal Classification   Not For Loan مكتبة الجويدة مكتبة الجويدة مراجع 28/12/2017 1662670   م/218.9/ياف PLD00414657 28/07/2025 28/12/2017 References
    Dewey Decimal Classification   Not For Loan مكتبة الجويدة مكتبة الجويدة مراجع 28/12/2017 1662671   م/218.9/ياف PLD00414658 28/07/2025 28/12/2017 References
    Dewey Decimal Classification   Not For Loan مكتبة حمزة العامة مكتبة حمزة العامة مراجع 28/12/2017 1662674   م/218.9/ياف PLD00414661 28/07/2025 28/12/2017 References
    Dewey Decimal Classification   Not For Loan مكتبة حمزة العامة مكتبة حمزة العامة مراجع 28/12/2017 1662675   م/218.9/ياف PLD00414662 28/07/2025 28/12/2017 References
Implemented & Customized by: BBB with SCIT (Smart Chains for Information Technology)

Powered by Koha